Properties of carboxylated nitrile latex film with varying thickness (Record no. 65977)
[ view plain ]
| 000 -LEADER | |
|---|---|
| fixed length control field | 02326nam a2200241Ia 4500 |
| 100 ## - MAIN ENTRY--AUTHOR NAME | |
| Personal name | Lim H M |
| 245 #0 - TITLE STATEMENT | |
| Title | Properties of carboxylated nitrile latex film with varying thickness |
| 260 ## - PUBLICATION, DISTRIBUTION, ETC. (IMPRINT) | |
| Name of publisher | Journal of Rubber Research |
| Year of publication | 2012 |
| 300 ## - PHYSICAL DESCRIPTION | |
| Number of Pages | 167-178 |
| 500 ## - GENERAL NOTE | |
| General note | Source Year: 2012 |
| 520 ## - SUMMARY, ETC. | |
| Summary, etc | Increasing price of raw materials and operational cost have triggered glove manufacturers to produce gloves with fewer amounts of material while meeting the minimum requirements for the intended application. Examination gloves in particular, are getting thinner from approximately 7 to 9 grams to 3 to 5 grams. In this study, the physical properties of latex films made from carboxylated acrylonitrile butadiene latex (XNBR), a typical base material for an examination glove, are assessed to elucidate any differences due to the thickness of the film. XNBR latex films of different thicknesses were prepared at a laboratory scale. The XNBR latex was compounded with a varying dosage of zinc oxide (ZnO) to vary the expected ionic crosslink density of the films. The mechanical properties of these films were evaluated. This study confirmed that with increasing loading of ZnO, the physical properties specifically, the tensile strength and the modulus values increased, while the extension tended to be lower and tear strength poorer. As expected, the thicker films had higher physical properties compared with thinner ones. Although heat ageing may not affect XNBR films much, results indicated that XNBR films subjected to accelerated ageing showed higher tensile strength with lower elongation at break value than the unaged films. Crosslink density was estimated using the equilibrium swelling method. The role of ZnO is clear in XNBR film formation as the overall crosslink density of XNBR-ZnO film increased with increased amounts of ZnO. However, there is no clear relationship between the physical properties and the estimated crosslink density in this study. |
| 650 ## - SUBJECT ADDED ENTRY--TOPICAL TERM | |
| Topical Term | Carboxylated acrylonitrile butadiene latex |
| 650 ## - SUBJECT ADDED ENTRY--TOPICAL TERM | |
| Topical Term | Crosslink density |
| 650 ## - SUBJECT ADDED ENTRY--TOPICAL TERM | |
| Topical Term | Examination glove |
| 650 ## - SUBJECT ADDED ENTRY--TOPICAL TERM | |
| Topical Term | Nitrile |
| 650 ## - SUBJECT ADDED ENTRY--TOPICAL TERM | |
| Topical Term | Physical properties |
| 650 ## - SUBJECT ADDED ENTRY--TOPICAL TERM | |
| Topical Term | XNBR |
| 650 ## - SUBJECT ADDED ENTRY--TOPICAL TERM | |
| Topical Term | Zinc oxide |
| 700 ## - ADDED ENTRY--PERSONAL NAME | |
| Personal name | Amir-Hashim M Y |
| 700 ## - ADDED ENTRY--PERSONAL NAME | |
| Personal name | Vivayganathan K |
| 942 ## - ADDED ENTRY ELEMENTS (KOHA) | |
| Koha item type | Journals |
| Withdrawn status | Lost status | Damaged status | Not for loan | Home library | Current library | Shelving location | Date acquired | Serial Enumeration / chronology | Koha item type |
|---|---|---|---|---|---|---|---|---|---|
| Journals | RRII Library | RRII Library | Rubber technology | 28/01/2013 | Volume 15, Issue 3 | Journals |